00983nam a2200241 i 4500001001000000003000900010005001700019007000300036008004100039040003000080082000700110100005000117245014000167264009600307300002800403336002700431337003400458338002700492500006300519500007300582504003200655700005400687000044739DO-SdBNP20240313133356.0ta110715s2007 dr 000 0 spa d aDO-SdBNPbspacBNPHUerda 42221 aRodríguez Carpio, Benjamín,d1971-eautor10aDerecho notarial :bteoría- prácitica- legislación fiscal /cBenjamín Rodríguez Carpio; prólogo, Artagnan Pérez Méndez. aSanto Domingo :bComisionado de apoyo a la reforma y modernización de la justicia.c2007. a335 páginas ;c27 cm. 2rdacontentatextobtxt 2rdamediaasin mediaciónbnc 2rdacarrieravolumenbn aIncluye datos biográficos del autor en la contracubierta aIncluye referencias bibliográficas y notas al pie de las páginas aBibliografía : p. 327-3351 aPèrez Mèndez, Artagnan,d1929-2017eprólogo